[Event "RUS-ch Men Rapid 2019"]
[Site "Sochi"]
[Date "2019.10.16"]
[Round "9.30"]
[White "Savitskiy, Sergey"]
[Black "Gurvich, Vitaly"]
[Result "0-1"]
[WhiteElo "2407"]
[BlackElo "2278"]
[Annotator "NA"]
[PlyCount "102"]
[EventDate "2019.10.15"]
[EventType "swiss"]
[EventCountry "RUS"]
[SourceTitle "playchess.com"]
[Source "ChessBase"]
[SourceQuality "1"]
[TimeControl "900+10"]

1. e4 {[%emt 0:00:00]} c6 {[%emt 0:00:00]} 2. d4 {[%emt 0:00:00]} d5 {[%emt 0:00:00]} 3. Nc3 {[%emt 0:00:00]} dxe4 {[%emt 0:00:00]} 4. Nxe4 {[%emt 0:00:00]} Nf6 {[%emt 0:00:00]} 5. Nxf6+ {[%emt 0:00:01]} exf6 {[%emt 0:00:00]} 6. c3 {[%emt 0:00:02]} Bd6 {[%emt 0:00:00]} 7. Bd3 {[%emt 0:00:01]} O-O {[%emt 0:00:02]} 8. Qc2 {[%emt 0:00:01]} Re8+ {[%emt 0:00:01]} 9. Ne2 {[%emt 0:00:01]} Kh8 {[%emt 0:00:01]} 10. Be3 {[%emt 0:00:08]} Nd7 {[%emt 0:00:02]} 11. O-O-O {[%emt 0:00:17]} Nf8 {[%emt 0:00:01]} 12. h4 {[%emt 0:00:07]} Be6 {[%emt 0:00:03]} 13. Kb1 {[%emt 0:01:11]} b5 {[%emt 0:00:05]} 14. h5 {[%emt 0:00:14]} Bd5 {[%emt 0:00:16]} 15. Nf4 {[%emt 0:00:54]} Bxf4 {[%emt 0:00:26]} 16. Bxf4 {[%emt 0:00:01]} Bxg2 {[%emt 0:00:01]} 17. Rh2 {[%emt 0:00:09]} Bf3 {[%emt 0:00:08]} 18. Rg1 {[%emt 0:00:04]} Qd5 {[%emt 0:00:16]} 19. Rh4 {[%emt 0:02:53]} Bxh5 {[%emt 0:01:51]} 20. c4 {[%emt 0:05:21]} bxc4 {[%emt 0:06:47]} 21. Bxc4 {[%emt 0:03:09]} Qf3 {[%emt 0:00:01]} 22. Rg3 {[%emt 0:00:01]} Qd1+ {[%emt 0:00:03]} 23. Qxd1 {[%emt 0:00:01]} Bxd1 {[%emt 0:00:01]} 24. Be3 {[%emt 0:00:22]} Ba4 {[%emt 0:01:10]} 25. Bxf7 {[%emt 0:00:55]} Re7 {[%emt 0:00:07]} 26. Bc4 {[%emt 0:00:12]} Bb5 {[%emt 0:00:07]} 27. Bb3 {[%emt 0:00:01]} g5 {[%emt 0:00:53]} 28. Rh6 {[%emt 0:00:43]} Bd3+ {[%emt 0:01:40]} 29. Kc1 {[%emt 0:00:00]} Ng6 {[%emt 0:00:14]} 30. Kd2 {[%emt 0:00:12]} Be4 {[%emt 0:00:21]} 31. f3 {[%emt 0:00:59]} Bf5 {[%emt 0:00:09]} 32. d5 {[%emt 0:02:01]} Kg7 {[%emt 0:00:31]} 33. Rh2 {[%emt 0:00:01]} cxd5 {[%emt 0:00:13]} 34. Bc5 {[%emt 0:00:06]} Rd7 {[%emt 0:00:13]} 35. Bd4 {[%emt 0:00:01]} h6 {[%emt 0:00:26]} 36. Rg1 {[%emt 0:00:22]} Rh8 {[%emt 0:00:23]} 37. Bd1 {[%emt 0:00:13]} Rc7 {[%emt 0:00:57]} 38. b3 {[%emt 0:00:07]} Nf4 {[%emt 0:00:33]} 39. Rh4 {[%emt 0:00:25]} Ne6 {[%emt 0:00:18]} 40. Bf2 {[%emt 0:00:07]} d4 {[%emt 0:01:15]} 41. Rh2 {[%emt 0:00:14]} Rhc8 {[%emt 0:00:10]} 42. Rhh1 {[%emt 0:00:12]} Kg6 {[%emt 0:00:30]} 43. b4 {[%emt 0:00:05]} Rc2+ {[%emt 0:00:14]} 44. Bxc2 {[%emt 0:00:05]} Rxc2+ {[%emt 0:00:01]} 45. Ke1 {[%emt 0:00:02]} d3 {[%emt 0:00:00]} 46. Bxa7 {[%emt 0:00:17]} Rxa2 {[%emt 0:00:08]} 47. Bb6 {[%emt 0:00:11]} Nf4 {[%emt 0:00:31]} 48. Kd1 {[%emt 0:00:12]} Be6 {[%emt 0:00:14]} 49. Be3 {[%emt 0:00:14]} Bb3+ {[%emt 0:00:31]} 50. Kc1 {[%emt 0:00:08]} Ne2+ {[%emt 0:00:01]} 51. Kb1 {[%emt 0:00:03]} Nc3+ {[%emt 0:00:02]} 0-1

[Event "RUS-ch Men Rapid 2019"]
[Site "Sochi"]
[Date "2019.10.16"]
[Round "9.31"]
[White "Ivlev, Aleksey"]
[Black "Dashko, Andrey"]
[Result "1-0"]
[WhiteElo "2292"]
[BlackElo "2225"]
[Annotator "NA"]
[PlyCount "85"]
[EventDate "2019.10.15"]
[EventType "swiss"]
[EventCountry "RUS"]
[SourceTitle "playchess.com"]
[Source "ChessBase"]
[SourceQuality "1"]
[TimeControl "900+10"]

1. d4 {[%emt 0:00:00]} Nf6 {[%emt 0:00:00]} 2. c4 {[%emt 0:00:00]} e5 {[%emt 0:00:00]} 3. dxe5 {[%emt 0:00:00]} Ng4 {[%emt 0:00:00]} 4. e3 {[%emt 0:00:00]} Nxe5 {[%emt 0:00:00]} 5. Nh3 {[%emt 0:00:00]} Nbc6 {[%emt 0:00:03]} 6. Nc3 {[%emt 0:00:03]} d6 {[%emt 0:00:02]} 7. Nf4 {[%emt 0:00:02]} g6 {[%emt 0:00:03]} 8. Be2 {[%emt 0:00:04]} Bg7 {[%emt 0:00:01]} 9. O-O {[%emt 0:00:02]} O-O {[%emt 0:00:01]} 10. Bd2 {[%emt 0:00:34]} Nd7 {[%emt 0:00:35]} 11. Rc1 {[%emt 0:00:06]} Nc5 {[%emt 0:00:02]} 12. Nfd5 {[%emt 0:00:28]} a5 {[%emt 0:00:11]} 13. Nb5 {[%emt 0:00:34]} Ne6 {[%emt 0:01:28]} 14. Bc3 {[%emt 0:00:01]} Nb4 {[%emt 0:00:22]} 15. Bxg7 {[%emt 0:00:26]} Kxg7 {[%emt 0:00:01]} 16. a3 {[%emt 0:00:05]} Nxd5 {[%emt 0:00:18]} 17. cxd5 {[%emt 0:00:03]} Nc5 {[%emt 0:00:01]} 18. b4 {[%emt 0:00:33]} axb4 {[%emt 0:00:02]} 19. axb4 {[%emt 0:00:01]} Na6 {[%emt 0:00:01]} 20. Qd4+ {[%emt 0:00:39]} Kg8 {[%emt 0:01:34]} 21. Rc3 {[%emt 0:00:07]} Bd7 {[%emt 0:00:04]} 22. Rfc1 {[%emt 0:00:03]} Rc8 {[%emt 0:00:44]} 23. h3 {[%emt 0:00:16]} h5 {[%emt 0:01:53]} 24. Na7 {[%emt 0:00:23]} Rb8 {[%emt 0:01:25]} 25. Bxa6 {[%emt 0:00:02]} bxa6 {[%emt 0:00:01]} 26. Rxc7 {[%emt 0:00:04]} Bb5 {[%emt 0:00:01]} 27. Rc8 {[%emt 0:02:12]} Qg5 28. Rxf8+ {[%emt 0:01:10]} Rxf8 {[%emt 0:00:09]} 29. Nxb5 {[%emt 0:00:48]} axb5 {[%emt 0:00:01]} 30. Rc6 {[%emt 0:00:02]} Qe7 {[%emt 0:00:10]} 31. Rb6 {[%emt 0:00:04]} Rc8 {[%emt 0:00:22]} 32. Rxb5 {[%emt 0:00:17]} Rc1+ {[%emt 0:00:24]} 33. Kh2 {[%emt 0:00:04]} Qc7 {[%emt 0:00:06]} 34. Ra5 {[%emt 0:00:42]} Qd8 {[%emt 0:00:01]} 35. Ra7 {[%emt 0:00:38]} Rc2 {[%emt 0:00:16]} 36. Qf4 {[%emt 0:00:11]} Qe8 {[%emt 0:00:16]} 37. Ra6 {[%emt 0:00:39]} Qb8 {[%emt 0:00:36]} 38. Rxd6 {[%emt 0:00:32]} Qc7 {[%emt 0:00:16]} 39. Rf6 {[%emt 0:01:12]} Qd7 {[%emt 0:00:17]} 40. Qe5 {[%emt 0:01:33]} Rd2 {[%emt 0:00:25]} 41. Rd6 {[%emt 0:00:08]} Qc8 {[%emt 0:00:15]} 42. Qf6 {[%emt 0:00:37]} Qc7 {[%emt 0:00:05]} 43. f4 {[%emt 0:02:15]} 1-0

[Event "RUS-ch Men Rapid 2019"]
[Site "Sochi"]
[Date "2019.10.16"]
[Round "9.32"]
[White "Volovich, Vasily"]
[Black "Truskavetsky, Alexandr"]
[Result "0-1"]
[WhiteElo "2120"]
[BlackElo "2370"]
[Annotator "NA"]
[PlyCount "76"]
[EventDate "2019.10.15"]
[EventType "swiss"]
[EventCountry "RUS"]
[SourceTitle "playchess.com"]
[Source "ChessBase"]
[SourceQuality "1"]
[TimeControl "900+10"]

1. e4 d6 2. d4 Nf6 3. Nc3 e5 4. Nf3 Nbd7 5. Bc4 Be7 6. O-O O-O 7. Re1 c6 8. a4 a5 9. h3 exd4 10. Qxd4 Nc5 11. Bf4 Be6 12. Rad1 Qb6 13. Bxe6 fxe6 14. Bxd6 Bxd6 15. Qxd6 Rad8 16. Qe5 Nfd7 17. Qd4 Qxb2 18. Ne5 Qb4 19. Qxb4 axb4 20. Nxd7 Rxd7 21. Rxd7 Nxd7 22. Na2 c5 23. Rd1 Ne5 24. Rd6 Ra8 25. Rxe6 Nc6 26. Nc1 Rxa4 27. Nd3 c4 28. Nc5 Ra1+ 29. Kh2 Na5 30. Re7 b3 31. cxb3 c3 32. Nd3 c2 33. b4 Nc6 34. Rc7 Rd1 35. b5 Rxd3 36. bxc6 c1=Q 37. Rc8+ Kf7 38. cxb7 Qf4+ 0-1

[Event "RUS-ch Men Rapid 2019"]
[Site "Sochi"]
[Date "2019.10.16"]
[Round "10.1"]
[White "Kokarev, Dmitry"]
[Black "Oganian, Miran"]
[Result "1/2-1/2"]
[WhiteElo "2593"]
[BlackElo "2436"]
[Annotator "ChessBase"]
[PlyCount "71"]
[EventDate "2019.10.15"]
[EventType "swiss"]
[EventCountry "RUS"]
[SourceTitle "playchess.com"]
[Source "ChessBase"]
[SourceQuality "1"]
[TimeControl "900+10"]

1. e4 {[%emt 0:00:00]} c5 {[%emt 0:00:00]} 2. Nf3 {[%emt 0:00:00]} Nc6 {[%emt 0:00:00]} 3. d4 {[%emt 0:00:00]} cxd4 {[%emt 0:00:00]} 4. Nxd4 {[%emt 0:00:02]} e5 {[%emt 0:00:00]} 5. Nb5 {[%emt 0:00:02]} a6 {[%emt 0:00:00]} 6. Nd6+ {[%emt 0:00:03]} Bxd6 {[%emt 0:00:00]} 7. Qxd6 {[%emt 0:00:03]} Qe7 {[%emt 0:00:00]} 8. Qd1 {[%emt 0:00:11]} Nf6 {[%emt 0:00:01]} 9. Nc3 {[%emt 0:00:03]} d6 {[%emt 0:00:02]} 10. Bg5 {[%emt 0:00:19]} Be6 {[%emt 0:00:01]} 11. Nd5 {[%emt 0:00:09]} Bxd5 {[%emt 0:00:01]} 12. exd5 {[%emt 0:00:02]} Nb8 {[%emt 0:00:02]} 13. Be2 {[%emt 0:00:15]} O-O {[%emt 0:00:32]} 14. O-O {[%emt 0:00:04]} Nbd7 {[%emt 0:00:12]} 15. c4 {[%emt 0:00:05]} a5 {[%emt 0:00:06]} 16. b3 {[%emt 0:00:07]} h6 {[%emt 0:00:03]} 17. Be3 {[%emt 0:00:02]} Nh7 {[%emt 0:00:09]} 18. f3 {[%emt 0:00:26]} f5 {[%emt 0:00:06]} 19. Bd3 {[%emt 0:00:06]} b6 {[%emt 0:00:35]} 20. Qd2 {[%emt 0:00:20]} Nc5 {[%emt 0:00:22]} 21. Bc2 {[%emt 0:00:03]} Ng5 {[%emt 0:00:59]} 22. Rfe1 {[%emt 0:01:32]} Qf6 {[%emt 0:01:04]} 23. Rab1 {[%emt 0:00:44]} Rae8 {[%emt 0:01:14]} 24. a3 {[%emt 0:00:18]} f4 {[%emt 0:00:20]} 25. Bf2 {[%emt 0:01:09]} e4 {[%emt 0:00:30]} 26. Bxc5 {[%emt 0:00:03]} bxc5 {[%emt 0:01:17]} 27. Bxe4 {[%emt 0:00:06]} Nxe4 {[%emt 0:02:38]} 28. Rxe4 {[%emt 0:00:02]} Rxe4 {[%emt 0:00:11]} 29. fxe4 {[%emt 0:00:02]} Qe5 {[%emt 0:00:57]} 30. Qd3 {[%emt 0:01:07]} Re8 {[%emt 0:00:16]} 31. Re1 {[%emt 0:00:10]} Qb2 {[%emt 0:00:07]} 32. Rf1 {[%emt 0:01:48]} Qe5 {[%emt 0:00:37]} 33. Qd2 {[%emt 0:01:20]} g5 {[%emt 0:00:58]} 34. Qxa5 {[%emt 0:00:27]} Qd4+ {[%emt 0:00:15]} 35. Kh1 {[%emt 0:00:06]} Qd3 {[%emt 0:00:12]} 36. Qe1 {[%emt 0:01:03]} 1/2-1/2

[Event "RUS-ch Men Rapid 2019"]
[Site "Sochi"]
[Date "2019.10.16"]
[Round "10.2"]
[White "Shimanov, Aleksandr"]
[Black "Antipov, Mikhail Al."]
[Result "1/2-1/2"]
[WhiteElo "2587"]
[BlackElo "2567"]
[Annotator "TA"]
[PlyCount "134"]
[EventDate "2019.10.15"]
[EventType "swiss"]
[EventCountry "RUS"]
[SourceTitle "playchess.com"]
[Source "ChessBase"]
[SourceQuality "1"]

{[%evp 9,134,3,23,22,11,16,41,32,43,32,33,35,32,23,35,39,45,32,47,49,50,38,83,64,56,68,58,56,61,48,48,18,39,13,17,15,20,5,37,29,31,22,36,7,49,22,27,25,37,7,8,0,0,0,0,0,0,0,0,0,0,0,0,-7,-7,-8,-8,-16,-8,-10,-8,-6,-9,-8,0,-2,0,-12,0,0,0,0,0,0,0,0,0,0,0,0,0,0,0,0,0,0,0,-6,0,0,0,0,0,0,51,0,0,0,0,0,0,0,0,0,0,0,0,0,0,0,0,0,0,0,0,0,1401]} 1. c4 c5 2. g3 g6 3. Bg2 Bg7 4. Nc3 Nc6 5. Nf3 Nh6 6. d4 {A37: Symmetrical English vs ...g6: 4 Bg2 Bg7 5 Nf3} (6. h4 d6 7. d3 Bg4 8. Bd2 Qd7 9. Rb1 Ng8 10. Nd5 Nf6 11. Ne3 Bxf3 12. Bxf3 O-O 13. b4 Nxb4 14. Bxb4 cxb4 15. Rxb4 {½-½ (59) Adams,M (2745)-Vachier Lagrave,M (2765) Shamkir 2015}) 6... cxd4 7. Nxd4 Nxd4 8. Bxh6 $1 {White is slightly better.} Bxh6 9. Qxd4 O-O 10. O-O Bg7 11. Qe3 Bxc3 12. Qxc3 Rb8 $146 ({Predecessor:} 12... Qc7 13. Rac1 Rb8 {1-0 (40) Velickovic,Z (2383)-Olle,P (2193) Hungary 2004}) 13. h4 b6 14. h5 Bb7 15. hxg6 hxg6 16. Bxb7 Rxb7 17. Kg2 Qc7 18. Rh1 {[%csl Gc3][%cal Rh1h8] [#]} Qc6+ 19. f3 {[%csl Gc3][%cal Rh1h8]} Qf6 20. Qd2 b5 21. cxb5 Rxb5 22. b3 Qe5 23. Rad1 e6 24. Kf2 Rd8 25. Qh6 d5 26. Rc1 Rb7 27. Rh4 Rbd7 28. Rc5 Qf6 29. Ra5 d4 30. Qh7+ Kf8 31. Qh8+ Ke7 32. Qxf6+ Kxf6 $11 {[%mdl 4096] Endgame KRR-KRR} 33. Ke1 g5 34. Rh6+ Kg7 35. Rh1 Kg6 36. Kd2 d3 37. Re1 dxe2+ 38. Ke3 $1 Rd3+ 39. Kf2 $1 Rh8 40. Rxe2 Rh2+ 41. Ke1 Rh1+ 42. Kf2 Rh2+ 43. Ke1 Rh3 44. Kf2 g4 45. fxg4 Rhxg3 46. Rxa7 Rxg4 47. Rb7 Rh4 48. Kg2 Rd5 49. Kg3 Rh1 50. a4 Rd3+ 51. Kg2 Rb1 52. b4 Rd4 53. Rf2 f5 54. Re2 Rd6 55. a5 Kf6 56. b5 {[#] Black must now prevent a6.} Rd4 (56... Rd5 $11) 57. Rb6 ({Better is} 57. a6 $14 Rg4+ 58. Kf2) 57... Rg4+ {The position is equal.} 58. Kf2 Rf4+ 59. Kg2 Rg4+ 60. Kf2 Rf4+ 61. Kg3 Rg4+ 62. Kf3 Rf1+ 63. Rf2 Ra1 {Strongly threatening ...Ra3+.} 64. Re2 Rf1+ 65. Rf2 Ra1 {Hoping for ...Ra3+.} 66. Re2 Rf1+ 67. Rf2 Ke5 $2 {[%mdl 40960] Accuracy: White = 62%, Black = 65%. . An unexpected result.} (67... Ra1 $11 68. Re2) 1/2-1/2

[Event "RUS-ch Men Rapid 2019"]
[Site "Sochi"]
[Date "2019.10.16"]
[Round "10.3"]
[White "Moiseenko, Vadim"]
[Black "Rozum, Ivan"]
[Result "0-1"]
[WhiteElo "2532"]
[BlackElo "2599"]
[Annotator "ChessBase"]
[PlyCount "104"]
[EventDate "2019.10.15"]
[EventType "swiss"]
[EventCountry "RUS"]
[SourceTitle "playchess.com"]
[Source "ChessBase"]
[SourceQuality "1"]
[TimeControl "900+10"]

1. Nc3 {[%emt 0:00:00]} d5 {[%emt 0:00:08]} 2. d4 {[%emt 0:00:00]} Nf6 {[%emt 0:00:15]} 3. Bf4 {[%emt 0:00:00]} a6 {[%emt 0:00:11]} 4. e3 {[%emt 0:00:00]} e6 {[%emt 0:00:02]} 5. g4 {[%emt 0:00:36]} c5 {[%emt 0:01:44]} 6. g5 {[%emt 0:00:03]} Nfd7 {[%emt 0:00:15]} 7. Nf3 {[%emt 0:00:23]} Nc6 {[%emt 0:00:04]} 8. h4 {[%emt 0:00:13]} cxd4 {[%emt 0:02:35]} 9. exd4 {[%emt 0:00:01]} Nb6 {[%emt 0:00:06]} 10. Bd3 {[%emt 0:00:57]} Bd6 {[%emt 0:00:09]} 11. Ne2 {[%emt 0:00:07]} Qc7 {[%emt 0:00:54]} 12. Bxd6 {[%emt 0:00:18]} Qxd6 {[%emt 0:00:01]} 13. c3 {[%emt 0:00:02]} Bd7 {[%emt 0:00:04]} 14. Qd2 {[%emt 0:00:08]} O-O-O {[%emt 0:00:06]} 15. Qf4 {[%emt 0:00:13]} Kc7 {[%emt 0:00:39]} 16. Kd2 {[%emt 0:00:33]} Rdf8 {[%emt 0:00:03]} 17. Rag1 {[%emt 0:00:21]} Qxf4+ {[%emt 0:01:02]} 18. Nxf4 {[%emt 0:00:01]} f6 {[%emt 0:00:03]} 19. g6 {[%emt 0:03:49]} h6 {[%emt 0:01:10]} 20. Nh5 {[%emt 0:00:03]} Rhg8 {[%emt 0:00:03]} 21. Bf1 {[%emt 0:00:47]} e5 {[%emt 0:00:24]} 22. b3 {[%emt 0:00:02]} Bf5 {[%emt 0:00:54]} 23. Bh3 {[%emt 0:01:24]} Be4 {[%emt 0:00:01]} 24. Rg3 {[%emt 0:00:00]} f5 {[%emt 0:00:23]} 25. Ke2 {[%emt 0:01:48]} exd4 {[%emt 0:00:02]} 26. cxd4 {[%emt 0:00:01]} Kd6 {[%emt 0:01:45]} 27. Rd1 {[%emt 0:00:39]} f4 {[%emt 0:00:46]} 28. Rgg1 {[%emt 0:01:54]} Re8 {[%emt 0:00:13]} 29. Bg4 {[%emt 0:00:45]} Bxg6+ {[%emt 0:01:56]} 30. Kf1 {[%emt 0:00:01]} Be4 {[%emt 0:00:09]} 31. Ne1 {[%emt 0:00:33]} Ref8 {[%emt 0:00:04]} 32. f3 {[%emt 0:00:10]} Bh7 {[%emt 0:01:08]} 33. Ng2 {[%emt 0:00:03]} g5 {[%emt 0:00:01]} 34. Kf2 {[%emt 0:00:25]} Bg6 {[%emt 0:00:18]} 35. Rge1 {[%emt 0:00:11]} Bf5 {[%emt 0:00:24]} 36. Bxf5 {[%emt 0:00:45]} Rxf5 {[%emt 0:00:01]} 37. hxg5 {[%emt 0:00:02]} hxg5 {[%emt 0:00:06]} 38. Rg1 {[%emt 0:00:42]} Rh8 {[%emt 0:00:12]} 39. Rh1 {[%emt 0:00:04]} Rf7 {[%emt 0:00:10]} 40. Rh3 {[%emt 0:00:34]} Rfh7 {[%emt 0:00:01]} 41. Rdh1 {[%emt 0:00:04]} Nxd4 {[%emt 0:00:32]} 42. Nhxf4 {[%emt 0:00:03]} Rxh3 {[%emt 0:00:02]} 43. Nxh3 {[%emt 0:00:01]} Nd7 {[%emt 0:00:20]} 44. Ne1 {[%emt 0:01:10]} Ne5 {[%emt 0:00:04]} 45. Kg2 {[%emt 0:00:01]} Ne6 {[%emt 0:00:39]} 46. Rg1 {[%emt 0:00:36]} Nf4+ {[%emt 0:00:26]} 47. Nxf4 {[%emt 0:00:03]} gxf4 {[%emt 0:00:00]} 48. Kf2 {[%emt 0:00:27]} d4 {[%emt 0:00:04]} 49. Ng2 {[%emt 0:00:23]} Rh3 {[%emt 0:00:07]} 50. Ne1 {[%emt 0:01:18]} d3 {[%emt 0:00:01]} 51. Ng2 {[%emt 0:00:15]} Rxf3+ {[%emt 0:00:08]} 52. Ke1 {[%emt 0:00:01]} Rg3 {[%emt 0:00:07]} 0-1

[Event "RUS-ch Men Rapid 2019"]
[Site "Sochi"]
[Date "2019.10.16"]
[Round "10.4"]
[White "Musalov, Ruslan"]
[Black "Pridorozhni, Aleksei"]
[Result "0-1"]
[WhiteElo "2348"]
[BlackElo "2599"]
[Annotator "ChessBase"]
[PlyCount "72"]
[EventDate "2019.10.15"]
[EventType "swiss"]
[EventCountry "RUS"]
[SourceTitle "playchess.com"]
[Source "ChessBase"]
[SourceQuality "1"]
[TimeControl "900+10"]

1. d4 {[%emt 0:00:00]} d5 {[%emt 0:00:00]} 2. Nf3 {[%emt 0:00:00]} e6 {[%emt 0:00:00]} 3. e3 {[%emt 0:00:01]} Nf6 {[%emt 0:00:00]} 4. Bd3 {[%emt 0:00:34]} c5 {[%emt 0:00:15]} 5. c3 {[%emt 0:00:14]} Bd6 {[%emt 0:00:05]} 6. Nbd2 {[%emt 0:00:01]} O-O {[%emt 0:00:05]} 7. O-O {[%emt 0:00:02]} Nc6 {[%emt 0:00:18]} 8. dxc5 {[%emt 0:00:25]} Bxc5 {[%emt 0:00:02]} 9. e4 {[%emt 0:00:01]} e5 {[%emt 0:00:28]} 10. b4 {[%emt 0:00:40]} Bb6 {[%emt 0:00:05]} 11. Qe2 {[%emt 0:05:13]} Bg4 {[%emt 0:02:21]} 12. b5 {[%emt 0:04:08]} Ne7 {[%emt 0:00:13]} 13. h3 {[%emt 0:00:31]} Nh5 {[%emt 0:00:59]} 14. Rd1 {[%emt 0:02:49]} Nf4 {[%emt 0:00:34]} 15. Qf1 {[%emt 0:00:02]} Bh5 {[%emt 0:00:18]} 16. g4 {[%emt 0:01:04]} Bg6 {[%emt 0:00:10]} 17. Nxe5 {[%emt 0:00:21]} Qc7 {[%emt 0:00:30]} 18. Nxg6 {[%emt 0:01:35]} Nexg6 {[%emt 0:00:02]} 19. Nf3 {[%emt 0:00:11]} Nxd3 {[%emt 0:00:27]} 20. Qxd3 {[%emt 0:00:02]} dxe4 {[%emt 0:00:50]} 21. Qxe4 {[%emt 0:00:02]} Rfe8 {[%emt 0:00:07]} 22. Qf5 {[%emt 0:00:02]} Qg3+ {[%emt 0:00:04]} 23. Kh1 {[%emt 0:00:02]} Qxh3+ {[%emt 0:00:03]} 24. Kg1 {[%emt 0:00:31]} Qg3+ {[%emt 0:00:27]} 25. Kh1 {[%emt 0:00:00]} Bxf2 {[%emt 0:00:03]} 26. Ng5 {[%emt 0:00:13]} Rf8 {[%emt 0:04:16]} 27. Ba3 {[%emt 0:00:01]} h6 {[%emt 0:00:07]} 28. Bxf8 {[%emt 0:00:27]} hxg5 {[%emt 0:00:20]} 29. Bd6 {[%emt 0:00:16]} Nf4 {[%emt 0:00:11]} 30. Bxf4 {[%emt 0:00:13]} gxf4 {[%emt 0:00:02]} 31. Rd3 {[%emt 0:00:12]} Be3 {[%emt 0:00:02]} 32. g5 {[%emt 0:00:14]} g6 {[%emt 0:00:29]} 33. Rxe3 {[%emt 0:00:09]} fxe3 {[%emt 0:00:15]} 34. Qe4 {[%emt 0:00:03]} Rd8 {[%emt 0:00:20]} 35. Rf1 {[%emt 0:00:09]} Kg7 {[%emt 0:00:23]} 36. Qe7 {[%emt 0:00:15]} Rh8# 0-1

[Event "RUS-ch Men Rapid 2019"]
[Site "Sochi"]
[Date "2019.10.16"]
[Round "10.5"]
[White "Ponkratov, Pavel"]
[Black "Khismatullin, Denis"]
[Result "1-0"]
[WhiteElo "2621"]
[BlackElo "2611"]
[Annotator "TA"]
[PlyCount "99"]
[EventDate "2019.10.15"]
[EventType "swiss"]
[EventCountry "RUS"]
[SourceTitle "playchess.com"]
[Source "ChessBase"]
[SourceQuality "1"]

{[%evp 9,99,19,14,8,10,10,10,6,6,0,7,0,0,0,3,0,9,-23,68,62,62,63,60,54,147,154,157,91,102,90,114,111,75,83,102,85,213,182,183,64,141,106,280,268,217,158,142,122,133,124,129,131,303,194,219,206,439,427,511,508,483,383,487,498,510,509,480,480,894,877,787,313,325,316,324,324,396,305,306,311,855,742,29987,29988,29988,29989,29989,29990,29990,29991,29993,29994]} 1. c4 e5 2. Nc3 Nf6 3. e3 d5 4. cxd5 Nxd5 5. Nf3 Nc6 6. Qc2 {A28: English Opening: Four Knights Variation} (6. Bb5 Nxc3 7. bxc3 Bd6 8. d4 Bd7 9. O-O O-O 10. Nd2 Qh4 11. g3 Qh6 12. Bd3 Rae8 13. Ne4 Be7 14. f4 f5 15. Bc4+ Kh8 16. dxe5 Rd8 17. Nf2 {½-½ (26) Mamedyarov,S (2774)-Grischuk,A (2775) Stavanger 2019}) 6... Ncb4 $146 ({Predecessor:} 6... Nxc3 7. bxc3 Bd6 8. Bd3 h6 9. Rb1 O-O 10. O-O Qe7 11. h3 b6 12. Be4 Bd7 13. Bb2 Rae8 {0-1 (76) Bocharov,D (2594)-Alekseev,E (2622) Sochi 2018}) 7. Qb1 Bd6 8. a3 {The position is equal.} Nxc3 9. bxc3 Nc6 10. d4 O-O 11. Be2 f5 12. h4 Qf6 13. g3 Be6 (13... Bd7 $11) 14. Qxb7 $14 Na5 15. Qa6 Nb3 16. Ng5 Nxa1 (16... Rae8 $14 17. Rb1 (17. Nxe6 Rxe6 18. d5 Ree8 $15) 17... Nxc1 18. Rxc1 (18. Nxe6 Rxe6 19. Bc4 Nd3+ 20. Bxd3 exd4 $11) 18... Bd7) 17. Nxe6 $16 Rfb8 (17... Qxe6 $2 18. Bc4 $18) 18. Bc4 {[%mdl 1024] Hoping for Ng5+. White has strong compensation.} Kh8 19. Qa4 Rb1 20. O-O Rab8 21. e4 (21. Qxa7 h6 $11) 21... h6 22. Ba2 (22. Qxa7 $6 fxe4 23. dxe5 Bxe5 $15) 22... R1b7 (22... R1b5 $16) 23. Bd5 Rb1 24. exf5 (24. Qxa7 fxe4 25. Nc5 exd4 $11) ({Better is} 24. Kg2 $1 $18 fxe4 25. dxe5 Qxe5 26. Nf4 Qxc3 27. Ng6+ (27. Qxe4 Bxf4 28. Bxf4 Rxf1 $11) 27... Kh7 28. Qxe4) 24... Qxf5 {[#]} (24... Nb3 $14 25. Bxh6 Rxf1+ 26. Kxf1 gxh6 27. Bxb3 e4) 25. Qd7 $1 {[%csl Ge6][%cal Rd7g7][%mdl 512]} Bf8 $2 (25... Rg8 $16) 26. Nxf8 (26. Qxc7 $6 exd4 27. Ba2 Nc2 $18) 26... Qxf8 27. Be4 $36 {[%mdl 2048] White has strong initiative.} (27. Qxc7 $6 exd4 28. Be4 (28. cxd4 Rc8 $11) 28... Rxc1 $16) 27... R1b6 28. dxe5 {Black must now prevent Be3.} Nb3 29. Be3 Nc5 30. Qd5 Rb5 $2 (30... Nxe4 $16 {was worth a try.} 31. Bxb6 (31. Qxe4 Ra6 $14) 31... Nxc3) 31. Bc2 {Strongly threatening c4.} Qg8 32. Qc6 Rb2 $2 (32... Qe6 {was called for.} 33. Qxc7 Nd7) 33. Bf5 $18 ({Weaker is} 33. Bxc5 Rxc2 34. Bxa7 (34. Qxc7 Rxc3 35. Qxa7 Ra8 $11) 34... Rd8 $16) 33... Nb3 34. Rd1 Na5 35. Qxc7 Nc4 36. Bf4 R2b7 37. Qc6 Rb6 38. Qe4 Nxa3 (38... Re8 $142 39. Rd7 Nd6 40. exd6 Rxe4 41. Bxe4 Rb8) 39. e6 Re8 {[#]} 40. Rd7 $2 (40. Bxh6 $1 {[%mdl 512]} Rbxe6 {[#]} (40... gxh6 41. Rd7) 41. Bxg7+ $1 {[%mdl 512]} Kxg7 42. Rd7+ {[%mdl 64] Double Attack} R6e7 43. Rxe7+ Rxe7 44. Qxe7+ {[%mdl 64] Double Attack} Qf7 45. Qg5+ Kf8 46. h5) 40... Rbxe6 41. Bxe6 Qxe6 {[#]} 42. Qd4 $1 {[%csl Gd7][%cal Rd4g7]} Re7 43. Rd6 Qe1+ 44. Kh2 Kg8 $2 (44... Qe4 45. Rxh6+ Kg8) 45. Be3 Qb1 46. Qd5+ {White mates.} Kh7 47. Rd8 Qe4 48. Qg8+ Kg6 49. Rd6+ Kf5 50. Qf8+ {Accuracy: White = 74%, Black = 36%.} 1-0